<Die> wirtschaftliche und juristische Stellung der Gläubiger von Kapitalgesellschaften und Mitgliedsstaaten der Europäischen Währungsunion dizertačná práca

Uložené v:
Podrobná bibliografia
Hlavný autor: Czaker, Marco
Korporativný autor: Fakulta podnikového manažmentu EU. Katedra podnikových financií
Ďalší autori: Markovič, Peter, 1974-
Médium: Kniha
Jazyk:German
Vydavateľské údaje: Bratislava 2018
Predmet:
Tagy: Pridať tag
Žiadne tagy, Buďte prvý, kto otaguje tento záznam!

MARC

LEADER 00000nbm a2200000 4500
001 0247722
005 20230302103554.4
041 0 |a ger 
044 |a SK 
245 1 0 |a <Die> wirtschaftliche und juristische Stellung der Gläubiger von Kapitalgesellschaften und Mitgliedsstaaten der Europäischen Währungsunion  |b dizertačná práca  |c Marco Czaker ; školiteľ: Peter Markovič 
264 1 |a Bratislava  |c 2018 
300 |a 177 s. 
610 2 0 |a spoločnosti kapitálové 
610 2 0 |a trh kapitálový 
610 2 0 |a zadlženosť 
610 2 0 |a pôžičky štátne 
610 2 0 |a veritelia 
610 2 0 |a insolventnosť 
610 2 0 |a únie menové 
610 2 0 |a Európa 
100 1 |a Czaker, Marco 
700 1 |a Markovič, Peter, 1974- 
710 2 |a Fakulta podnikového manažmentu EU. Katedra podnikových financií